| 000 | 01571ngm a2200301 4500 | ||
|---|---|---|---|
| 003 | dpl | ||
| 005 | 20080723110517.0 | ||
| 007 | DVD | ||
| 008 | ||||||sp199 xxu|||||c|||| 00| 0 eng d | ||
| 010 | _aDVD-000337-339 | ||
| 024 |
_aHIT1046 _c299.00 |
||
| 035 | _aDVD-000337-339 | ||
| 040 | _aDPL | ||
| 082 | _aDVD / KIPP | ||
| 245 |
_aKipper : _cGrand Slamm Children's Film Presents _h[videorecording] DVD/ _bThe Robots and Other Stories |
||
| 260 | _bGrand Slamm Children's Film for Hit Entertainemnt PLC. | ||
| 300 |
_a1 videodisc DVD; _bsd., col. ; _c4 3/4 in. _fDVD |
||
| 440 | _aHit Entertainment PLC | ||
| 500 | _aSole Distributor in India M/s. Excel Productions Autio Visuals Pvt. Ltd. | ||
| 538 | _aDolby Digital 5.1-English | ||
| 538 | _aAspect Ratio: 1.78:1, Presentation type: Wide Screne, Presentation Size 16x9, Format DVD 9 Dual Layer Single Sided Disc. | ||
| 650 | _aAnimated Movie | ||
| 942 |
_cCF _2ddc _hDVD _mKIPP |
||
| 999 |
_c15442 _d15442 |
||